00615nam a22001937a 450000500170000001000130001702000240003003500130005403700160006704000120008308200170009510000170011224501100012926000390023927000760027830000200035465000240037465000230039820170124110113.0 aA-845329 c200.00a 8170060532 aA-845329 bCen Lib/Ret aDPLbEN a915.496bTAL aTalwar, A.P. aHimalayan odyssey : cby A. P. Talwarbjourneys to mountain shrines and hill station of INDIA and NEPAL / aNew DelhibAsian Publicationc1996 bNew Delhia243, Defence Colony Flyover Markete110053k4621231, 4629212 a150p.c21cm(Hb) aGeographyzHimalaya aTravel and turism